| 000 | 00920nac a22002777a 4500 | ||
|---|---|---|---|
| 001 | BR9300355 | ||
| 003 | BR-BrBNA | ||
| 005 | 20240105121337.0 | ||
| 008 | 230509b bl.|||m| |||| 00| 0 por d | ||
| 040 |
_aBR-BrBNA _bpor _cBiblioteca Nacional de Agricultura |
||
| 072 | _aQ52 | ||
| 090 | _a1930 BR9300355 | ||
| 100 | 1 | _aCosta, N. de L. | |
| 100 | 1 | _aOliveira, J.R. da C. | |
| 110 | 1 | _aCentro de Pesquisa Agroflorestal de Rondonia, Porto Velho (Brasil) | |
| 245 | 1 | _aEpocas de vedacao e utilizacao de Andropogon gayanus cv. Planaltina em Rondonia | |
| 260 | 3 |
_aPorto Velho, RO (Brasil): _c1992. |
|
| 300 | _a4 p. | ||
| 490 |
_aComunicado Tecnico - Centro de Pesquisa Agroflorestal de Rondonia (Brazil) _vno. 103 _xISSN 0103-9458 |
||
| 500 | _a7 ref. | ||
| 650 | _aCapim Andropogon | ||
| 650 | _aForragem | ||
| 650 | _aRondonia | ||
| 909 |
_a202312 _bLúcia Elande _c55 _dLúcia Elande |
||
| 942 |
_2AGRIS _n0 _cMS |
||
| 999 |
_c284757 _d284757 |
||